Normal view
MARC view
Entry Personal Name
001 - CONTROL NUMBER
- control field: 29618
003 - CONTROL NUMBER IDENTIFIER
- control field: ARRUPE
005 - DATE AND TIME OF LATEST TRANSACTION
- control field: 20170404100903.0
008 - FIXED-LENGTH DATA ELEMENTS
- fixed length control field: 170404|| aca||aabn | a|a d
040 ## - CATALOGING SOURCE
- Original cataloging agency: ARRUPE
- Transcribing agency: ARRUPE
100 ## - HEADING--PERSONAL NAME
- Personal name: Guy Gaucher , Title, Flammes d'amour. English
670 ## - SOURCE DATA FOUND
- Source citation: Work cat.: (ARRUPE)17153: Gaucher, Guy, 1930- 29613, John and Therese